Atm & Mpeg-2 : integrating digital video into braodband networks
Αποθηκεύτηκε σε:
| Κύριος συγγραφέας: | |
|---|---|
| Άλλοι συγγραφείς: | |
| Μορφή: | Βιβλίο |
| Γλώσσα: | English |
| Δημοσίευση: |
New Jersey :
Prentice-Hall,
c1998
|
| Σειρά: | Hewlett-Packard professional books
|
| Θέματα: | |
| Ετικέτες: |
Προσθήκη ετικέτας
Δεν υπάρχουν, Καταχωρήστε ετικέτα πρώτοι!
|
MARC
| LEADER | 00000nam a2200000 i 4500 | ||
|---|---|---|---|
| 001 | 1/91390 | ||
| 008 | 991103s1998 eng d | ||
| 020 | |a 0-13-243700-7 ((hbk)) | ||
| 035 | |l 10053566 | ||
| 040 | |a GR-MY-UA |b gre |e aacr | ||
| 041 | 0 | |a eng | |
| 082 | 0 | |a 621.388 | |
| 100 | 1 | |a Orzessek, Michael. | |
| 245 | 1 | 0 | |a Atm & Mpeg-2 : |b integrating digital video into braodband networks / |c Michael Orzessek and Peter Sommer |
| 246 | 3 | 3 | |a Atm and MPEG-2: integrating digital video into broadband networks |
| 260 | |a New Jersey : |b Prentice-Hall, |c c1998 | ||
| 300 | |a xxvi, 326 p.; |b ill.; |c 24 cm. | ||
| 490 | 1 | |a Hewlett-Packard professional books | |
| 504 | |a Includes bibliographical references and index | ||
| 650 | 0 | 0 | |a Digital television. |
| 650 | 0 | 0 | |a Asynchronous transfer mode. |
| 650 | 0 | 0 | |a Video compression |x Standards. |
| 700 | 1 | |a Sommer, Peter. | |
| 830 | 0 | |a Hewlett-Packard professional books | |
| 852 | |a INST |b CHIOS |e 19991103 |h 621.388 ORZ |p 005200014117 |q 005200014117 |t BK |y 0 | ||
| 852 | |a INST |b SAMOS |e 20000203 |h 621.388 ORZ |p 005300016390 |q 005300016390 |t BK |y 0 | ||
| 901 | |a BIBL3-2000-1 | ||
| 901 | |a BIBL2-1999-3 | ||
| 909 | |a Χ |b 068378 | ||
| 909 | |a Σ |b 070938 | ||
| 922 | |a 3ΕΛΗ |b 199911 |c ΤΠΕΣ |d ΠΑΠΑΣΩΤΗΡΙΟΥ | ||
| 922 | |a 2ΕΛΗ |b 199909 |c ΤΝΕΥ |d ΠΑΠΑΣΩΤΗΡΙΟΥ | ||
| 950 | |a 125-1999-07-15 | ||
| 970 | |a ΣΠΕΝΤΖΑ |b ΕΛΕΝΗ |z 1999/10/20 | ||